000 00711nam a22001817a 4500
003 SISC
005 20160617171528.0
008 160616b xxu||||| |||| 00| 0 eng d
020 _a97898144730701
050 _aPE 1408 L589 2013
245 _aMastering editing and punctuation :
_bPrimary 6 /
_cClaire Leow.
260 _aSingapore :
_bEducational Publishing House,
_c2013
300 _a148 p. :
_c26 cm.
520 _aThe Mastering Editing and Punctuation series is designed to provide pupils with sufficient practice in the Editing and Punctuation sections.
650 _aEnglish language--Composition and exercises.
650 _aEnglish language--Grammar--Study and teaching.
942 _2lcc
_cBK
999 _c295960
_d295960